[Event "FIDE Online Olympiad Div 2 Pool A 2020"]
[Site "Online"]
[Date "2020.08.15"]
[Round "2"]
[White "Atabayev, Yusup"]
[Black "Wagner, Dennis"]
[Result "0-1"]
[WhiteElo "2337"]
[BlackElo "2227"]
[Annotator "broadcasts"]
[PlyCount "102"]
[EventDate "2020.08.14"]
[EventType "team-tourn"]
[TimeControl "900+5"]

1. e4 {[%emt 0:00:07]} e5 {[%emt 0:00:04]} 2. Nf3 {[%emt 0:00:05]} Nc6 {[%emt 0:00:02]} 3. d4 {[%emt 0:00:00]} exd4 {[%emt 0:00:02]} 4. Bc4 {[%emt 0:00:02]} Bc5 {[%emt 0:00:05]} 5. O-O {[%emt 0:00:03]} d6 {[%emt 0:00:10]} 6. c3 {[%emt 0:00:04]} Bg4 {[%emt 0:00:08]} 7. Qb3 {[%emt 0:00:02]} Bxf3 {[%emt 0:00:11]} 8. Bxf7+ {[%emt 0:00:05]} Kf8 {[%emt 0:00:01]} 9. gxf3 {[%emt 0:00:05]} dxc3 {[%emt 0:00:29]} 10. Bxg8 {[%emt 0:00:19]} Rxg8 {[%emt 0:00:01]} 11. Nxc3 {[%emt 0:01:19]} Nd4 {[%emt 0:01:19]} 12. Qd1 {[%emt 0:00:03]} Qf6 {[%emt 0:02:50]} 13. f4 {[%emt 0:00:25]} g5 {[%emt 0:00:02]} 14. Qh5 {[%emt 0:02:53]} gxf4+ {[%emt 0:00:55]} 15. Kh1 {[%emt 0:00:02]} Qg7 {[%emt 0:03:30]} 16. Qh3 {[%emt 0:00:16]} Qg4 {[%emt 0:00:04]} 17. Qxg4 {[%emt 0:02:03]} Rxg4 {[%emt 0:00:00]} 18. Nd5 {[%emt 0:00:03]} Ne6 {[%emt 0:02:21]} 19. f3 {[%emt 0:01:35]} Rh4 {[%emt 0:00:04]} 20. Bd2 {[%emt 0:00:22]} Kf7 {[%emt 0:00:10]} 21. Be1 {[%emt 0:00:21]} Rh5 {[%emt 0:00:35]} 22. Bd2 {[%emt 0:00:02]} Rh4 {[%emt 0:00:43]} 23. Be1 {[%emt 0:00:02]} Rh5 {[%emt 0:00:39]} 24. Bd2 {[%emt 0:00:01]} Rg8 {[%emt 0:01:09]} 25. Nxf4 {[%emt 0:00:22]} Nxf4 {[%emt 0:00:02]} 26. Bxf4 {[%emt 0:00:00]} a5 {[%emt 0:00:24]} 27. Rae1 {[%emt 0:00:19]} a4 {[%emt 0:00:24]} 28. Be3 {[%emt 0:00:18]} Bxe3 {[%emt 0:00:12]} 29. Rxe3 {[%emt 0:00:00]} Rc5 {[%emt 0:00:00]} 30. Re2 {[%emt 0:00:05]} Rc4 {[%emt 0:00:03]} 31. a3 {[%emt 0:00:16]} b5 {[%emt 0:00:03]} 32. Rg1 {[%emt 0:00:12]} Rxg1+ {[%emt 0:00:04]} 33. Kxg1 {[%emt 0:00:00]} c5 {[%emt 0:00:24]} 34. Kf2 {[%emt 0:00:18]} b4 {[%emt 0:00:03]} 35. axb4 {[%emt 0:00:01]} cxb4 {[%emt 0:00:00]} 36. Ke3 {[%emt 0:00:12]} a3 {[%emt 0:00:01]} 37. bxa3 {[%emt 0:00:02]} bxa3 {[%emt 0:00:01]} 38. Ra2 {[%emt 0:00:01]} Ra4 {[%emt 0:00:02]} 39. f4 {[%emt 0:00:34]} Ke6 {[%emt 0:00:02]} 40. Kf3 {[%emt 0:00:08]} d5 {[%emt 0:00:07]} 41. exd5+ {[%emt 0:00:01]} Kxd5 {[%emt 0:00:03]} 42. Kg4 {[%emt 0:00:12]} Kc4 {[%emt 0:00:04]} 43. Kg5 {[%emt 0:00:09]} Kb3 {[%emt 0:00:01]} 44. Ra1 {[%emt 0:00:03]} Kb2 {[%emt 0:00:08]} 45. Rf1 {[%emt 0:00:14]} a2 {[%emt 0:00:02]} 46. f5 {[%emt 0:01:37]} a1=Q {[%emt 0:00:03]} 47. Rxa1 {[%emt 0:00:02]} Rxa1 {[%emt 0:00:00]} 48. h4 {[%emt 0:00:06]} Kc3 {[%emt 0:00:55]} 49. Kf6 {[%emt 0:00:26]} Kd4 {[%emt 0:00:06]} 50. Ke6 {[%emt 0:00:06]} Ra6+ {[%emt 0:00:04]} 51. Kf7 {[%emt 0:00:02]} Ke5 {[%emt 0:00:02]} 0-1

[Event "FIDE Online Olympiad Div 2 Pool A 2020"]
[Site "Online"]
[Date "2020.08.15"]
[Round "2"]
[White "Schneider, Jana"]
[Black "Mekanova, Annagozel"]
[Result "1-0"]
[WhiteElo "2313"]
[BlackElo "1772"]
[Annotator "broadcasts"]
[PlyCount "87"]
[EventDate "2020.08.14"]
[EventType "team-tourn"]
[TimeControl "900+5"]

1. e4 {[%emt 0:00:02]} c6 {[%emt 0:00:05]} 2. d4 {[%emt 0:00:02]} d5 {[%emt 0:00:02]} 3. e5 {[%emt 0:00:01]} Bf5 {[%emt 0:00:03]} 4. h4 {[%emt 0:00:02]} h6 {[%emt 0:00:04]} 5. g4 {[%emt 0:00:04]} Be4 {[%emt 0:00:17]} 6. f3 {[%emt 0:00:03]} Bh7 {[%emt 0:00:01]} 7. e6 {[%emt 0:00:02]} Qd6 {[%emt 0:00:38]} 8. exf7+ {[%emt 0:00:05]} Kxf7 {[%emt 0:00:02]} 9. f4 {[%emt 0:00:01]} e6 {[%emt 0:00:37]} 10. Nf3 {[%emt 0:00:09]} Nd7 {[%emt 0:00:41]} 11. Ne5+ {[%emt 0:00:10]} Ke8 {[%emt 0:00:43]} 12. Bd3 {[%emt 0:00:10]} Bxd3 {[%emt 0:00:03]} 13. Qxd3 {[%emt 0:00:02]} Nxe5 {[%emt 0:00:03]} 14. fxe5 {[%emt 0:00:03]} Qb4+ {[%emt 0:00:19]} 15. Nc3 {[%emt 0:02:40]} Ne7 {[%emt 0:00:15]} 16. Rf1 {[%emt 0:00:13]} Kd7 {[%emt 0:00:45]} 17. Bd2 {[%emt 0:00:22]} Qc4 {[%emt 0:00:35]} 18. Qxc4 {[%emt 0:03:04]} dxc4 {[%emt 0:00:04]} 19. Ne4 {[%emt 0:00:03]} b6 {[%emt 0:02:26]} 20. Rf7 {[%emt 0:00:16]} c5 {[%emt 0:00:28]} 21. dxc5 {[%emt 0:00:18]} Kc6 {[%emt 0:00:02]} 22. cxb6 {[%emt 0:00:42]} axb6 {[%emt 0:00:02]} 23. Bb4 {[%emt 0:02:58]} Ng6 {[%emt 0:00:27]} 24. Bd6 {[%emt 0:00:29]} Nxh4 {[%emt 0:00:12]} 25. O-O-O {[%emt 0:01:03]} Rd8 {[%emt 0:01:33]} 26. Rc7+ {[%emt 0:00:50]} Kb5 {[%emt 0:00:02]} 27. Nc3+ {[%emt 0:00:25]} Ka6 {[%emt 0:00:05]} 28. a4 {[%emt 0:00:02]} Bxd6 {[%emt 0:00:15]} 29. exd6 {[%emt 0:00:02]} Nf3 {[%emt 0:00:53]} 30. Nb5 {[%emt 0:00:26]} Ka5 {[%emt 0:00:09]} 31. d7 {[%emt 0:00:26]} Ne5 {[%emt 0:00:07]} 32. Ra7+ {[%emt 0:00:07]} Kb4 {[%emt 0:00:06]} 33. c3+ {[%emt 0:00:01]} Kb3 {[%emt 0:01:17]} 34. Nd4+ {[%emt 0:00:05]} Ka2 {[%emt 0:00:04]} 35. Nxe6 {[%emt 0:00:01]} Nxg4 {[%emt 0:01:17]} 36. Nxd8 {[%emt 0:00:05]} Rxd8 {[%emt 0:00:03]} 37. Re1 {[%emt 0:00:09]} Nf6 {[%emt 0:00:36]} 38. Re7 {[%emt 0:00:05]} g5 {[%emt 0:01:28]} 39. a5 {[%emt 0:00:03]} b5 {[%emt 0:00:12]} 40. a6 {[%emt 0:00:04]} g4 {[%emt 0:00:46]} 41. Rb7 {[%emt 0:00:03]} g3 {[%emt 0:00:02]} 42. Rxb5 {[%emt 0:00:11]} Rg8 {[%emt 0:00:32]} 43. Kc2 {[%emt 0:00:08]} g2 {[%emt 0:00:04]} 44. Ra5# {[%emt 0:00:01]} 1-0

[Event "FIDE Online Olympiad Div 2 Pool A 2020"]
[Site "Online"]
[Date "2020.08.14"]
[Round "2"]
[White "Hamonde"]
[Black "garcho08"]
[Result "1/2-1/2"]
[WhiteElo "2310"]
[BlackElo "1469"]
[Annotator "NA RC"]
[PlyCount "42"]
[EventDate "2020.08.14"]
[EventType "team-tourn"]
[TimeControl "900+5"]

1. Nf3 {[%emt 0:00:01]} Nf6 {[%emt 0:00:03]} 2. g3 {[%emt 0:00:02]} d5 {[%emt 0:00:02]} 3. Bg2 {[%emt 0:00:01]} c6 {[%emt 0:00:00]} 4. O-O {[%emt 0:00:02]} Bf5 {[%emt 0:00:01]} 5. c4 {[%emt 0:00:01]} e6 {[%emt 0:00:01]} 6. cxd5 {[%emt 0:00:02]} exd5 {[%emt 0:00:08]} 7. d3 {[%emt 0:00:02]} Be7 {[%emt 0:00:01]} 8. Qb3 {[%emt 0:00:05]} Qb6 {[%emt 0:00:06]} 9. Qc2 {[%emt 0:00:05]} O-O {[%emt 0:00:09]} 10. Nc3 {[%emt 0:00:29]} Nbd7 {[%emt 0:00:45]} 11. e4 {[%emt 0:00:51]} Bg6 {[%emt 0:00:31]} 12. Nh4 {[%emt 0:00:50]} dxe4 {[%emt 0:00:16]} 13. dxe4 {[%emt 0:00:09]} Rfe8 {[%emt 0:00:07]} 14. Bf4 {[%emt 0:01:26]} Nf8 {[%emt 0:01:06]} 15. Rad1 {[%emt 0:04:05]} Rad8 {[%emt 0:00:37]} 16. Be3 {[%emt 0:01:05]} Qa5 {[%emt 0:00:09]} 17. Nxg6 {[%emt 0:00:24]} hxg6 {[%emt 0:00:33]} 18. a3 {[%emt 0:00:57]} Ne6 {[%emt 0:01:08]} 19. h3 {[%emt 0:00:12]} Rxd1 {[%emt 0:00:07]} 20. Rxd1 {[%emt 0:00:01]} Rd8 {[%emt 0:00:22]} 21. Rxd8+ {[%emt 0:00:31]} Bxd8 {[%emt 0:00:04]} 1/2-1/2

[Event "FIDE Online Olympiad Div 2 Pool A 2020"]
[Site "Online"]
[Date "2020.08.14"]
[Round "2"]
[White "Jabberwockiez"]
[Black "springring"]
[Result "1-0"]
[WhiteElo "2253"]
[BlackElo "2010"]
[Annotator "TA"]
[PlyCount "39"]
[EventDate "2020.08.14"]
[EventType "team-tourn"]

{[%evp 9,39,7,9,0,0,0,7,0,0,0,0,0,28,39,139,154,131,141,172,132,126,131,29983,29975,29993,29991,29991,29992,29997,1362,29998,29999]} 1. e4 e5 2. Nf3 Nc6 3. Bb5 Nf6 4. O-O Nxe4 5. Re1 Nd6 6. a4 {C67: Ruy Lopez: Berlin Defence: 4 0-0 Nxe4.} Be7 7. Nc3 {[%cal Bb1c3,Bc3d5,Bd5e7][%mdl 32]} O-O 8. d4 {The position is equal.} Nxd4 9. Nxd4 exd4 10. Nd5 Bf6 11. Bd3 {[#] aiming for Qg4.} Ne8 $146 (11... Re8 $1 $14) ({Predecessor:} 11... c6 12. Qh5 g6 13. Nxf6+ Qxf6 14. Qh6 Re8 15. Bf4 Re7 16. Kf1 b6 17. Rxe7 Qxe7 18. Re1 Qd8 19. Bxd6 Bb7 20. Re4 {1-0 (20) Osmanodja,F (2348)-Aghabekian,L (2188) Batumi 2018}) 12. Qh5 $36 {[%csl Gd3][%cal Rh5h7][%mdl 3072] White has strong compensation. White is really pushing.} g6 {[#]} 13. Qf3 $1 {Rxe8! is the strong threat.} Bg7 14. Ne7+ Kh8 15. Bg5 {Threatens to win with Bxg6!} f6 $2 {[%mdl 8192] [#] Now Black is done in.} (15... d5 $16) 16. Nxg6+ $1 {[%mdl 512]} hxg6 17. Qh3+ Kg8 18. Bxg6 {[%csl Gg6][%cal Rh3h7]} Rf7 19. Qh7+ Kf8 20. Bh6 {Accuracy: White = 93%, Black = 54%.} 1-0

[Event "FIDE Online Olympiad Div 2 Pool A 2020"]
[Site "Online"]
[Date "2020.08.15"]
[Round "2"]
[White "Osmanodja, Filiz"]
[Black "Hallaeva, Bahar"]
[Result "1-0"]
[WhiteElo "2253"]
[BlackElo "2010"]
[Annotator "broadcasts"]
[PlyCount "39"]
[EventDate "2020.08.14"]
[EventType "team-tourn"]
[TimeControl "900+5"]

1. e4 {[%emt 0:00:01]} e5 {[%emt 0:00:03]} 2. Nf3 {[%emt 0:00:02]} Nc6 {[%emt 0:00:02]} 3. Bb5 {[%emt 0:00:01]} Nf6 {[%emt 0:00:03]} 4. O-O {[%emt 0:00:02]} Nxe4 {[%emt 0:00:02]} 5. Re1 {[%emt 0:00:01]} Nd6 {[%emt 0:00:02]} 6. a4 {[%emt 0:00:01]} Be7 {[%emt 0:00:16]} 7. Nc3 {[%emt 0:00:02]} O-O {[%emt 0:00:15]} 8. d4 {[%emt 0:00:02]} Nxd4 {[%emt 0:02:55]} 9. Nxd4 {[%emt 0:00:03]} exd4 {[%emt 0:00:02]} 10. Nd5 {[%emt 0:00:01]} Bf6 {[%emt 0:00:10]} 11. Bd3 {[%emt 0:00:40]} Ne8 {[%emt 0:03:43]} 12. Qh5 {[%emt 0:03:54]} g6 {[%emt 0:00:03]} 13. Qf3 {[%emt 0:02:20]} Bg7 {[%emt 0:03:18]} 14. Ne7+ {[%emt 0:00:02]} Kh8 {[%emt 0:00:01]} 15. Bg5 {[%emt 0:00:02]} f6 {[%emt 0:00:38]} 16. Nxg6+ {[%emt 0:01:13]} hxg6 {[%emt 0:00:22]} 17. Qh3+ {[%emt 0:00:37]} Kg8 {[%emt 0:00:15]} 18. Bxg6 {[%emt 0:00:01]} Rf7 {[%emt 0:00:25]} 19. Qh7+ {[%emt 0:00:04]} Kf8 {[%emt 0:00:01]} 20. Bh6 {[%emt 0:00:05]} 1-0

[Event "FIDE Online Olympiad Div 2 Pool A 2020"]
[Site "Online"]
[Date "2020.08.15"]
[Round "2"]
[White "Nurmamedov, Azat"]
[Black "Engel, Luis"]
[Result "1-0"]
[WhiteElo "2238"]
[BlackElo "2153"]
[Annotator "broadcasts"]
[PlyCount "103"]
[EventDate "2020.08.14"]
[EventType "team-tourn"]
[TimeControl "900+5"]

1. Nf3 {[%emt 0:00:08]} Nf6 {[%emt 0:00:08]} 2. g3 {[%emt 0:00:05]} d5 {[%emt 0:00:06]} 3. Bg2 {[%emt 0:00:01]} e6 {[%emt 0:00:02]} 4. O-O {[%emt 0:00:01]} Be7 {[%emt 0:00:01]} 5. d4 {[%emt 0:00:03]} O-O {[%emt 0:00:02]} 6. c4 {[%emt 0:00:17]} dxc4 {[%emt 0:00:01]} 7. Qc2 {[%emt 0:01:47]} a6 {[%emt 0:00:04]} 8. a4 {[%emt 0:00:03]} Bd7 {[%emt 0:00:01]} 9. Rd1 {[%emt 0:01:13]} Bc6 {[%emt 0:00:46]} 10. Nc3 {[%emt 0:00:02]} Bxf3 {[%emt 0:00:34]} 11. Bxf3 {[%emt 0:00:02]} Nc6 {[%emt 0:00:10]} 12. Bxc6 {[%emt 0:03:17]} bxc6 {[%emt 0:00:03]} 13. a5 {[%emt 0:00:45]} Nd5 {[%emt 0:01:25]} 14. Na4 {[%emt 0:04:30]} Qb8 {[%emt 0:02:42]} 15. e4 {[%emt 0:01:07]} Nb4 {[%emt 0:00:35]} 16. Qxc4 {[%emt 0:00:03]} Qb5 {[%emt 0:00:05]} 17. Qc3 {[%emt 0:00:37]} f5 {[%emt 0:03:26]} 18. Qb3 {[%emt 0:01:17]} fxe4 {[%emt 0:01:28]} 19. Qxe6+ {[%emt 0:00:02]} Rf7 {[%emt 0:00:02]} 20. Nc3 {[%emt 0:00:08]} Qh5 {[%emt 0:00:11]} 21. Qxe4 {[%emt 0:00:27]} Raf8 {[%emt 0:00:30]} 22. Be3 {[%emt 0:00:03]} Bg5 {[%emt 0:01:35]} 23. Qe5 {[%emt 0:00:34]} Rf5 {[%emt 0:00:19]} 24. Qe6+ {[%emt 0:00:01]} Kh8 {[%emt 0:00:01]} 25. Rd2 {[%emt 0:00:10]} Bxe3 {[%emt 0:00:24]} 26. Qxe3 {[%emt 0:00:00]} Re8 {[%emt 0:00:09]} 27. Ne4 {[%emt 0:00:12]} Nd5 {[%emt 0:01:17]} 28. Qd3 {[%emt 0:00:03]} Qg6 {[%emt 0:00:18]} 29. Kh1 {[%emt 0:00:14]} Rh5 {[%emt 0:00:14]} 30. Nc3 {[%emt 0:00:02]} Qh6 {[%emt 0:00:13]} 31. f4 {[%emt 0:00:01]} Nf6 {[%emt 0:00:10]} 32. Qf3 {[%emt 0:00:06]} Qg6 {[%emt 0:00:16]} 33. Rg1 {[%emt 0:00:11]} Ng4 {[%emt 0:00:04]} 34. h4 {[%emt 0:00:07]} Re3 {[%emt 0:00:02]} 35. Qg2 {[%emt 0:00:04]} Qf6 {[%emt 0:00:06]} 36. Rf1 {[%emt 0:00:04]} Rxh4+ {[%emt 0:00:04]} 37. gxh4 {[%emt 0:00:01]} Qxh4+ {[%emt 0:00:00]} 38. Kg1 {[%emt 0:00:00]} Rg3 {[%emt 0:00:02]} 39. Qxg3 {[%emt 0:00:11]} Qxg3+ {[%emt 0:00:00]} 40. Kh1 {[%emt 0:00:02]} Qh3+ {[%emt 0:00:04]} 41. Kg1 {[%emt 0:00:01]} Qe3+ {[%emt 0:00:01]} 42. Rff2 {[%emt 0:00:05]} Nxf2 {[%emt 0:00:05]} 43. Rxf2 {[%emt 0:00:00]} Qxd4 {[%emt 0:00:01]} 44. Kg2 {[%emt 0:00:01]} h5 {[%emt 0:00:02]} 45. Re2 {[%emt 0:00:02]} Kh7 {[%emt 0:00:01]} 46. Kf3 {[%emt 0:00:03]} Qd3+ {[%emt 0:00:01]} 47. Re3 {[%emt 0:00:02]} Qf1+ {[%emt 0:00:02]} 48. Kg3 {[%emt 0:00:04]} Qg1+ {[%emt 0:00:01]} 49. Kf3 {[%emt 0:00:01]} h4 {[%emt 0:00:01]} 50. Ne2 {[%emt 0:00:01]} h3 {[%emt 0:00:02]} 51. Nxg1 {[%emt 0:00:03]} h2 {[%emt 0:00:03]} 52. Kg2 {[%emt 0:00:01]} 1-0

[Event "FIDE Online Olympiad Div 2 Pool A 2020"]
[Site "Online"]
[Date "2020.08.15"]
[Round "2"]
[White "Ovezdurdiyeva, Jemal"]
[Black "Schulze, Lara"]
[Result "1-0"]
[WhiteElo "2169"]
[BlackElo "1930"]
[Annotator "TA"]
[PlyCount "83"]
[EventDate "2020.08.14"]
[EventType "team-tourn"]

{[%evp 13,83,0,0,0,-3,-11,27,0,16,-37,-29,-41,-41,-68,-61,-65,19,0,11,-20,-33,-15,-5,-5,-15,-7,-11,-18,0,-2,18,7,22,13,17,0,0,0,37,26,37,32,62,58,180,123,247,178,256,132,149,118,132,131,115,137,377,376,341,352,312,-153,357,377,392,389,29984,29985,29990,5490,29991,29991]} 1. d4 Nf6 2. c4 e6 3. Nc3 Bb4 4. e3 O-O 5. Nge2 Re8 6. a3 Bf8 7. Ng3 d5 8. Be2 {E46: Nimzo-Indian: Rubinstein: 4 e3 0-0 5 Ne2 without early Bd3.} b6 9. O-O c5 {[#]} 10. Bf3 $146 {White has an edge.} ({Predecessor:} 10. dxc5 bxc5 11. Bf3 Bb7 12. Nge2 Nc6 13. cxd5 Ne5 14. dxe6 Nxf3+ 15. gxf3 Qxd1 16. exf7+ Kxf7 17. Rxd1 Bxf3 {0-1 (41) Sowray,P (2332)-Lalith,B (2574) Riga 2019}) 10... Ba6 11. b3 (11. cxd5 $11 exd5 12. Re1) 11... cxd4 $15 12. exd4 Nc6 13. Re1 Rc8 $1 14. cxd5 exd5 (14... Ne7 $15 15. Bb2 Nfxd5) 15. Rxe8 $11 Qxe8 16. Nxd5 Nxd5 17. Bxd5 Rd8 18. Bxc6 $1 Qxc6 19. Be3 Bb7 {[%csl Gb7][%cal Rc6g2]} 20. f3 Qe6 21. Bf2 g6 22. Qd3 h5 23. Re1 Qd7 24. b4 Bg7 25. Ne2 Bf6 26. Rd1 h4 27. h3 Kg7 28. Nc3 a5 (28... Bd5 $14) 29. Ne4 (29. d5 $18) 29... Be7 (29... Be5 $16) 30. bxa5 bxa5 {[#]} (30... Bxe4 {is a better defense.} 31. fxe4 (31. Qxe4 bxa5 32. Bxh4 f6 $16) 31... bxa5) 31. Qc3 (31. d5 $1 $18 {[%mdl 512]}) 31... Bd5 32. Nc5 Qf5 33. Qxa5 Bxf3 34. gxf3 {Black must now prevent Qe1.} Qxh3 $2 (34... Rd5 $16 35. Qe1 Qxf3) 35. Ne4 $18 {aiming for Qe5+.} Qxf3 36. Qe5+ {[%mdl 64] [#] Double Attack} Kg8 37. Rc1 $2 (37. Qxe7 $18 Qxd1+ 38. Kh2) 37... Qg4+ $2 (37... h3 $17 {[%csl Gh3][%cal Rf3g2]} 38. Qg3 Qxe4) 38. Kh2 h3 {[%csl Gh3][%cal Rg4g2]} 39. Rg1 Qf3 $2 (39... Qe6 $18 40. Qxe6 fxe6 41. Rxg6+ Kf7) 40. Qxe7 Qf4+ 41. Rg3 (41. Bg3 $142 Qxe4 42. Qxe4 Rc8 43. Bf4 Kg7 44. Qe5+ Kg8 45. Bh6 Rc2+ 46. Kh1 Rh2+ 47. Kxh2 f6 48. Qxf6 Kh7 49. Qg7#) 41... Rd5 42. Nf6+ {Accuracy: White = 65%, Black = 50%.} 1-0

[Event "FIDE Online Olympiad Div 2 Pool A 2020"]
[Site "Online"]
[Date "2020.08.15"]
[Round "3"]
[White "Barcenilla, Rogelio"]
[Black "Fridman, Daniel"]
[Result "0-1"]
[WhiteElo "2325"]
[BlackElo "2577"]
[Annotator "broadcasts RC"]
[PlyCount "112"]
[EventDate "2020.08.14"]
[EventType "team-tourn"]
[TimeControl "900+5"]

1. c4 {[%emt 0:00:04]} e6 {[%emt 0:00:02]} 2. Nf3 {[%emt 0:00:08]} d5 {[%emt 0:00:02]} 3. g3 {[%emt 0:00:34]} Nf6 {[%emt 0:00:03]} 4. Bg2 {[%emt 0:00:01]} d4 {[%emt 0:00:01]} 5. O-O {[%emt 0:00:15]} c5 {[%emt 0:00:02]} 6. d3 {[%emt 0:00:44]} Nc6 {[%emt 0:00:02]} 7. Na3 {[%emt 0:00:03]} Bd6 {[%emt 0:00:10]} 8. Nc2 {[%emt 0:00:04]} O-O {[%emt 0:00:14]} 9. e4 {[%emt 0:01:08]} e5 {[%emt 0:00:36]} 10. h3 {[%emt 0:00:16]} Bd7 {[%emt 0:00:19]} 11. a3 {[%emt 0:00:11]} a6 {[%emt 0:00:51]} 12. Nd2 {[%emt 0:01:17]} Qc7 {[%emt 0:00:18]} 13. Ne1 {[%emt 0:00:48]} b5 {[%emt 0:00:14]} 14. Nef3 {[%emt 0:00:21]} Rfe8 {[%emt 0:00:29]} 15. Nh2 {[%emt 0:00:14]} Qc8 {[%emt 0:00:11]} 16. h4 {[%emt 0:00:28]} g6 {[%emt 0:00:04]} 17. b3 {[%emt 0:00:38]} Rb8 {[%emt 0:00:05]} 18. Ra2 {[%emt 0:00:04]} Na5 {[%emt 0:01:09]} 19. Bf3 {[%emt 0:02:20]} h5 {[%emt 0:00:37]} 20. Rb2 {[%emt 0:00:22]} bxc4 {[%emt 0:00:56]} 21. dxc4 {[%emt 0:00:13]} Rb6 {[%emt 0:00:22]} 22. Qc2 {[%emt 0:00:12]} Qb7 {[%emt 0:00:44]} 23. Qd3 {[%emt 0:01:11]} Rb8 {[%emt 0:01:33]} 24. Bd1 {[%emt 0:00:56]} Ba4 {[%emt 0:01:05]} 25. f4 {[%emt 0:00:56]} Bxb3 {[%emt 0:00:46]} 26. fxe5 {[%emt 0:02:02]} Bxe5 {[%emt 0:00:04]} 27. Nxb3 {[%emt 0:00:34]} Nxb3 {[%emt 0:00:04]} 28. Bf4 {[%emt 0:00:06]} Nd7 {[%emt 0:03:11]} 29. Rbf2 {[%emt 0:00:12]} Na5 {[%emt 0:00:38]} 30. Nf3 {[%emt 0:00:16]} Nc6 {[%emt 0:00:15]} 31. Rg2 {[%emt 0:00:34]} Qc7 {[%emt 0:00:51]} 32. Nd2 {[%emt 0:00:02]} Bd6 {[%emt 0:00:21]} 33. Bxd6 {[%emt 0:00:24]} Qxd6 {[%emt 0:00:03]} 34. g4 {[%emt 0:00:01]} hxg4 {[%emt 0:00:18]} 35. Bxg4 {[%emt 0:00:02]} Nce5 {[%emt 0:00:04]} 36. Qh3 {[%emt 0:00:01]} Nf6 {[%emt 0:00:12]} 37. Bd1 {[%emt 0:00:07]} Kg7 {[%emt 0:00:06]} 38. Rg5 {[%emt 0:00:03]} Qe7 {[%emt 0:00:19]} 39. Qg3 {[%emt 0:00:02]} Re6 {[%emt 0:00:02]} 40. h5 {[%emt 0:00:01]} Rh8 {[%emt 0:00:08]} 41. Rff5 {[%emt 0:00:03]} Nfd7 {[%emt 0:00:11]} 42. Ba4 {[%emt 0:00:08]} Rh6 {[%emt 0:00:10]} 43. Bxd7 {[%emt 0:00:12]} Nxd7 {[%emt 0:00:02]} 44. hxg6 {[%emt 0:00:09]} Rhxg6 {[%emt 0:00:25]} 45. Nf3 {[%emt 0:00:05]} Rxe4 {[%emt 0:00:08]} 46. Rxg6+ {[%emt 0:00:13]} fxg6 {[%emt 0:00:02]} 47. Rg5 {[%emt 0:00:01]} Nf8 {[%emt 0:00:06]} 48. Rd5 {[%emt 0:00:04]} Re2 {[%emt 0:00:04]} 49. Ng5 {[%emt 0:00:05]} Qe3+ {[%emt 0:00:02]} 50. Qxe3 {[%emt 0:00:01]} Rxe3 {[%emt 0:00:02]} 51. Rxc5 {[%emt 0:00:00]} d3 {[%emt 0:00:01]} 52. Rd5 {[%emt 0:00:01]} d2 {[%emt 0:00:01]} 53. Kf2 {[%emt 0:00:02]} Re5 {[%emt 0:00:05]} 54. Rxd2 {[%emt 0:00:07]} Rxg5 {[%emt 0:00:02]} 55. Rd6 {[%emt 0:00:02]} Ra5 {[%emt 0:00:01]} 56. Ke3 {[%emt 0:00:12]} Kf7 {[%emt 0:00:06]} 0-1

[Event "FIDE Online Olympiad Div 2 Pool A 2020"]
[Site "Online"]
[Date "2020.08.15"]
[Round "3"]
[White "Wagner, Dennis"]
[Black "Paragua, Mark"]
[Result "1-0"]
[WhiteElo "2259"]
[BlackElo "2188"]
[Annotator "broadcasts"]
[PlyCount "81"]
[EventDate "2020.08.14"]
[EventType "team-tourn"]
[TimeControl "900+5"]

1. d4 {[%emt 0:00:02]} Nf6 {[%emt 0:00:05]} 2. c4 {[%emt 0:00:02]} g6 {[%emt 0:00:04]} 3. Nc3 {[%emt 0:00:02]} Bg7 {[%emt 0:00:01]} 4. e4 {[%emt 0:00:02]} d6 {[%emt 0:00:01]} 5. Nf3 {[%emt 0:00:08]} O-O {[%emt 0:00:01]} 6. Be2 {[%emt 0:00:01]} e5 {[%emt 0:00:03]} 7. O-O {[%emt 0:00:01]} exd4 {[%emt 0:00:02]} 8. Nxd4 {[%emt 0:00:02]} Re8 {[%emt 0:00:01]} 9. f3 {[%emt 0:00:00]} c6 {[%emt 0:00:01]} 10. Kh1 {[%emt 0:01:35]} Nbd7 {[%emt 0:00:31]} 11. Bf4 {[%emt 0:00:38]} Nh5 {[%emt 0:04:10]} 12. Bxd6 {[%emt 0:01:03]} Ne5 {[%emt 0:00:03]} 13. c5 {[%emt 0:00:02]} Bh6 {[%emt 0:03:50]} 14. g3 {[%emt 0:01:57]} Bh3 {[%emt 0:01:43]} 15. f4 {[%emt 0:00:32]} Bxf1 {[%emt 0:01:10]} 16. Qxf1 {[%emt 0:00:04]} Nd7 {[%emt 0:00:19]} 17. Bxh5 {[%emt 0:02:36]} gxh5 {[%emt 0:00:03]} 18. Qh3 {[%emt 0:00:07]} Bf8 {[%emt 0:01:02]} 19. Qxh5 {[%emt 0:00:55]} Bxd6 {[%emt 0:01:56]} 20. cxd6 {[%emt 0:00:01]} Qf6 {[%emt 0:00:54]} 21. e5 {[%emt 0:02:07]} Nxe5 {[%emt 0:00:07]} 22. fxe5 {[%emt 0:00:06]} Rxe5 {[%emt 0:00:01]} 23. Qg4+ {[%emt 0:00:29]} Kh8 {[%emt 0:00:19]} 24. d7 {[%emt 0:00:28]} Rd8 {[%emt 0:00:04]} 25. Rd1 {[%emt 0:01:31]} Re7 {[%emt 0:00:11]} 26. Nf3 {[%emt 0:02:12]} Qg6 {[%emt 0:00:19]} 27. Qd4+ {[%emt 0:00:10]} Kg8 {[%emt 0:00:03]} 28. Ne5 {[%emt 0:00:09]} Qh5 {[%emt 0:00:06]} 29. Ng4 {[%emt 0:00:04]} Qg6 {[%emt 0:00:05]} 30. Nf6+ {[%emt 0:00:04]} Kf8 {[%emt 0:00:01]} 31. Nce4 {[%emt 0:00:02]} h5 {[%emt 0:00:03]} 32. Rf1 {[%emt 0:00:13]} Re6 {[%emt 0:00:04]} 33. Rf4 {[%emt 0:00:04]} b6 {[%emt 0:00:03]} 34. b4 {[%emt 0:00:02]} Re7 {[%emt 0:00:06]} 35. Qd6 {[%emt 0:00:03]} c5 {[%emt 0:00:04]} 36. bxc5 {[%emt 0:00:02]} bxc5 {[%emt 0:00:00]} 37. Nxc5 {[%emt 0:00:04]} Qb1+ {[%emt 0:00:02]} 38. Kg2 {[%emt 0:00:02]} Qc2+ {[%emt 0:00:02]} 39. Rf2 {[%emt 0:00:02]} Qg6 {[%emt 0:00:15]} 40. Ne6+ {[%emt 0:00:05]} fxe6 {[%emt 0:00:06]} 41. Nd5+ {[%emt 0:00:03]} 1-0